000 00515nam a2200193 4500
001 109858
003 ES-MaACL
005 20230906184928.0
007 t|
008 061121s1972 sp r ||||1| spa d
100 1 _aObach Romero, J.
_986378
245 1 0 _aIniciación al matrimonio /
_cJ. Obach Romero.
260 _aBarcelona :
_bCedel,
_c1972.
300 _a111 p. ;
_c17 cm.
490 1 _aVivir feliz
830 0 _aVivir feliz
_9232997
852 _aES-MaACL
_jC-52774
_bR.83966
999 _c109858
_d109858